Strategia Di Pace I discorsi della nuova frontieraq

שמור ב:
מידע ביבליוגרפי
מחבר ראשי: John F. Kennedi
פורמט: ספר
שפה:שפה לא ידועה
יצא לאור: Arnoldo Mondatori
תגים: הוספת תג
אין תגיות, היה/י הראשונ/ה לתייג את הרשומה!

MARC

LEADER 00000nam a2200000Ia 4500
001 R-1139
003 CODICE-MESSINA
005 20260212102502.0
008 260211s9999 xx 000 0 und d
040 |c importazione_messina 
100 |a John F. Kennedi 
245 0 |a Strategia Di Pace 
245 0 |b I discorsi della nuova frontieraq  
260 |b Arnoldo Mondatori 
942 |2 ddc  |c BK 
952 |0 0  |1 0  |2 ddc  |4 0  |6 SCAFFALE_11_000000000000000__ROMANZI  |7 0  |9 31971  |a ME  |b ME  |d 2026-02-11  |l 0  |o SCAFFALE 11 - ROMANZI  |p R-1139  |r 2026-02-11 23:52:53  |w 2026-02-11  |x [REVISIONARE]  |y BK 
999 |c 27636  |d 27636